000 00795nam a2200253 i 4500
001 bg
245 0 0 _aZarządzanie zespołami pracowniczymi w świetle teorii i badań społecznych /
_cpod red. Ewy Gorczyckiej.
260 _aCzęstochowa :
_bSekcja Wydawnictw Wydziału Zarządzania Politechniki Częstochowskiej,
_c2006.
300 _a57 s. :
_bil. ;
_c23 cm.
504 _aBibliogr. przy art.
650 9 _aKadry
_xpolityka
650 9 _aMotywacja pracy
650 9 _aStosunki interpersonalne
650 9 _aZarządzanie
700 1 _aGORCZYCKA, Ewa.
_eRed.
015 _aPB 15734/2006
020 _a8388469045
040 _cBPK
041 0 _apol
080 _a658.3.012.4:316.47:331.101.3
920 _a83-88469-04-5
942 _cKS
008 s pl f |000 0 pol
999 _c52716
_d52716
856 _uhttp://koha.tu.koszalin.pl/cgi-bin/koha/opac-detail.pl?biblionumber=52716
_yKatalog online BPK